000 00413nam a22001697a 4500
005 20240902142235.0
008 240902b |||||||| |||| 00| 0 eng d
020 _a978-81-7223-501-7
041 _aeng
082 _a613.7046 LYE
100 _aLYENGAR, B.K.S
_98504
245 _aLIGHT AND YOGA
260 _aINDIA
_bHARPER COLLINS PUBLISHERS
_c1966
300 _a544;P
650 _aBMLT
_98487
942 _cBK
999 _c8636
_d8634